000 00591nam a22002057a 4500
942 _cBK
999 _c585
_d585
005 20250420134817.0
008 200810b ||||| |||| 00| 0 eng d
020 _a9788172450656
040 _cKCST
082 _a420.141
_bRe Sp
100 _a Reid, Alison
_94991
245 _aSpoken English /
_cAlison Reid
260 _aNew Delhi:
_bGoodwill publishers,
_c[not identified].
300 _a628 p.
650 _aEnglish language
_vSpoken English
_94992
650 _aEnglish language
_vConversation and phrase books
_94993
650 _aEnglish language
_92090
942 _2ddc